Könyvtörténeti írások az OSZK évkönyveiben megjelent tanulmányok 3

Bibliographic Details
Main Author: Borsa, Gedeon, 1923- (Author)
Format: Book
Language:Hungarian
PhysicalDescription:546 strán ilustrácie, reprodukcie 24 cm
Published: Budapest Országos Széchényi Könyvtár 2000
ISBN:9632004221
ISSN:0237-0042
Series:Az Országos Széchényi Könyvtár kiadványai : új sorozat
Subjects:

MARC

LEADER 00000cam a2200000 a 4500
001 vtls001417696
003 SK-MaSNL
005 20260301012705.0
008 251029s2000 hu aad fr 100 0 hun
015 |a SNBZSA2001-00315 
020 |a 9632004221  |q (brožované) 
035 |a SNK000372482 
035 |a urn:nbn:sk:snk-amkn55 
035 |a urn:nbn:sk:snk-am008igz 
035 |a F5886768-657B-493D-A2A3-EDD2D41F0D82 
040 |a SNK  |b slo  |c SNK  |e AACR2 
041 0 |a hun 
044 |a hu  |c HU 
080 |a 09(091)(081)=945.11\  |2 1981 
080 |a 655.1(091)(081)=945.11\  |2 1981 
100 1 |a Borsa, Gedeon,  |d 1923-  |4 aut  |9 131160 
245 1 0 |a Könyvtörténeti írások  |n 3  |b az OSZK évkönyveiben megjelent tanulmányok  |c Borsa Gedeon 
260 |a Budapest  |b Országos Széchényi Könyvtár  |c 2000 
300 |a 546 strán  |b ilustrácie, reprodukcie  |c 24 cm 
490 1 |a Az Országos Széchényi Könyvtár kiadványai : új sorozat  |x 0237-0042  |v 10 
500 |a Na dokumente chybne uvedené č. edície 9. 
504 |a Bibliogr. odkazy. Res. nem. 
650 0 7 |a kníhtlač  |2 SNKPH  |9 30985 
650 0 7 |a dejiny  |2 SNKPH  |9 3825 
650 0 7 |a knižná kultúra  |2 SNKPH  |9 31235 
655 7 |a zborníky konferencií  |2 SNKPH  |9 70153 
655 7 |a zborníky  |2 SNKPH  |9 70165 
830 0 |a Az Országos Széchényi Könyvtár kiadványai : új sorozat  |x 0237-0042  |9 298134 
919 |a 963-200-422-1 
958 |a OND 
958 |a ZS 
958 |a TL 
958 |a HU 
958 |a KL 
958 |a ZB 
999 |c 554156  |d 556086 
952 |a SNK  |b SNK  |y VYP  |7 0  |p 17A1531017  |o snkSC 93209/3 D1  |i snk2024/3903  |8 1  |0 0  |1 0  |4 0  |d 2024-03-07  |l 0  |r 2026-02-23 13:20:10  |w 2026-02-23 
952 |a SNK  |b SNK  |y PREZ  |7 0  |p 17A0312168  |o snkSC 93209/3  |i snkV 1259/2001  |8 2  |0 0  |1 0  |4 0  |d 2001-08-24  |f 1  |l 0  |r 2025-09-11 00:00:00  |w 2026-02-23